Passive and active environmental controls : Informing the schematic designing of buildings

The book serves as an introduction to the subject of environmental controls and presents information necessary for the schematic design of buildings. It describes the various components of a particular system, developing how a system functions, how the systems components fit together and how spaces...

Ausführliche Beschreibung

Gespeichert in:
Bibliographische Detailangaben
1. Verfasser: Heerwagen, Dean
Format: Buch
Sprache:Vietnamese
Veröffentlicht: New York, NY McGraw-Hill 2004
Schlagworte:
Tags: Tag hinzufügen
Keine Tags, Fügen Sie den ersten Tag hinzu!
Thư viện lưu trữ: Thư viện Trường Đại học Nam Cần Thơ
LEADER 01289nam a22002057a 4500
001 NCT_78406
008 200422b xxu||||| |||| 00| 0 vie d
999 |c 3824  |d 3824 
020 |a 0072922281 
082 0 4 |2 23rd ed.  |a 696  |b H459 
100 1 |a Heerwagen, Dean 
245 1 0 |a Passive and active environmental controls :  |b Informing the schematic designing of buildings  |c Dean Heerwagen 
260 |a New York, NY  |b McGraw-Hill   |c 2004 
300 |a xix, 940 p.  |b ill.  |c 27cm 
504 |a Includes index 
520 2 |a The book serves as an introduction to the subject of environmental controls and presents information necessary for the schematic design of buildings. It describes the various components of a particular system, developing how a system functions, how the systems components fit together and how spaces are organized to accommodate these components. The book demonstrates how each system is integrated with other building systems, such as the structural systems and the overall architecture of the building. 
653 |a Kỹ thuật công trình xây dựng 
942 |2 ddc  |c BK 
952 |0 0  |1 0  |2 ddc  |4 0  |6 696_000000000000000_H459  |7 0  |9 19438  |a 000001  |b 000001  |d 2020-04-22  |o 696 H459  |p MD.17089  |r 2020-04-22  |w 2020-04-22  |y BK 
980 |a Thư viện Trường Đại học Nam Cần Thơ